| 000 | 00418nam a22001817a 4500 | ||
|---|---|---|---|
| 003 | LK-CoDNM | ||
| 005 | 20250116120025.0 | ||
| 008 | 250116b |||||||| |||| 00| 0 eng d | ||
| 040 |
_aLK-CoDNM _dLK-CoDNM _eLK-CoDNM |
||
| 041 | _aeng | ||
| 080 |
_a10 _bH7 |
||
| 100 | _aChijs Der Van J. A. | ||
| 245 | _aPlakaatboek - 1602/1811 | ||
| 260 | _c1890 | ||
| 300 | _a880p. : 21 cm | ||
| 650 | _aScience | ||
| 942 | _cBK | ||
| 999 |
_c236499 _d236499 |
||